Social development, social inequalities, and social justice (Record no. 12956)

MARC details
000 -LEADER
fixed length control field 02282cam a2200385Ia 4500
001 - CONTROL NUMBER
control field 9780203810132
003 - CONTROL NUMBER IDENTIFIER
control field BD-DhSAU
005 - DATE AND TIME OF LATEST TRANSACTION
control field 20151012151722.0
006 - FIXED-LENGTH DATA ELEMENTS--ADDITIONAL MATERIAL CHARACTERISTICS
fixed length control field a|||||s|||||||||||
007 - PHYSICAL DESCRIPTION FIXED FIELD--GENERAL INFORMATION
fixed length control field cr||||
008 - FIXED-LENGTH DATA ELEMENTS--GENERAL INFORMATION
fixed length control field 120807s2008 nyu sb 001 0 eng d
020 ## - INTERNATIONAL STANDARD BOOK NUMBER
International Standard Book Number 9780203810132 (e-book : PDF)
040 ## - CATALOGING SOURCE
Original cataloging agency BD-DhSAU
Transcribing agency BD-DhSAU
090 ## - LOCALLY ASSIGNED LC-TYPE CALL NUMBER (OCLC); LOCAL CALL NUMBER (OCLC)
Classification number (OCLC) (R) ; Classification number, CALL (RLIN) (NR) HM671
Local cutter number (OCLC) ; Book number/undivided call number, CALL (RLIN) .S59 2008
092 ## - LOCALLY ASSIGNED DEWEY CALL NUMBER (OCLC)
Classification number 305.23101
Item number S678
245 00 - TITLE STATEMENT
Title Social development, social inequalities, and social justice
Medium [electronic resource] /
Statement of responsibility, etc. [edited by] Cecilia Wainryb, Judith G. Smetana, Elliot Turiel.
260 ## - PUBLICATION, DISTRIBUTION, ETC. (IMPRINT)
Place of publication, distribution, etc. New York :
Name of publisher, distributor, etc. L. Erlbaum Associates,
Date of publication, distribution, etc. c2008.
300 ## - PHYSICAL DESCRIPTION
Extent xvi, 250 p.
490 1# - SERIES STATEMENT
Series statement Jean Piaget Symposium series
504 ## - BIBLIOGRAPHY, ETC. NOTE
Bibliography, etc Includes bibliographical references and indexes.
505 0# - FORMATTED CONTENTS NOTE
Formatted contents note ch. 1. The trouble with the ways morality is used and how they impede social equality and social justice / Elliot Turiel -- ch. 2. The moral judgment of the child reevaluated : heteronomy, early morality, and reasoning about social justice and inequalities / Charles C. Helwig -- ch. 3. America's Head Start program : an effort for social justice / Edward Zigler and Sally J. Styfco -- ch. 4. Affirmative action and ethnic minority university students : enlarging pipelines to support success / Joel Gills ... [et al.] -- ch. 5. The biology of social justice : linking social inequalities and health in adolescence / Elizabeth Goodman and Nancy E. Adler -- ch. 6. Leaving LGBT students behind : schools, sexuality, and rights / Stacey Horn -- ch. 7. The development of stereotype threat : consequences for educational and social equality / Catherine Good and Joshua Aronson -- ch. 8. Honour, truth, and justice / Unni Wikan -- ch. 9. In defense of universal values / Martha Nussbaum.
530 ## - ADDITIONAL PHYSICAL FORM AVAILABLE NOTE
Additional physical form available note Also available in print edition.
538 ## - SYSTEM DETAILS NOTE
System details note Mode of access: World Wide Web.
650 #0 - SUBJECT ADDED ENTRY--TOPICAL TERM
Topical term or geographic name as entry element Social justice.
650 #0 - SUBJECT ADDED ENTRY--TOPICAL TERM
Topical term or geographic name as entry element Equality.
650 #0 - SUBJECT ADDED ENTRY--TOPICAL TERM
Topical term or geographic name as entry element Moral development.
650 #0 - SUBJECT ADDED ENTRY--TOPICAL TERM
Topical term or geographic name as entry element Social ethics.
655 #7 - INDEX TERM--GENRE/FORM
Genre/form data or focus term Electronic books.
Source of term lcsh
700 1# - ADDED ENTRY--PERSONAL NAME
Personal name Wainryb, Cecilia.
700 1# - ADDED ENTRY--PERSONAL NAME
Personal name Smetana, Judith G.,
Dates associated with a name 1951-
700 1# - ADDED ENTRY--PERSONAL NAME
Personal name Turiel, Elliot.
776 1# - ADDITIONAL PHYSICAL FORM ENTRY
International Standard Book Number 9780805858686 (alk. paper)
830 #0 - SERIES ADDED ENTRY--UNIFORM TITLE
Uniform title Jean Piaget Symposium series.
856 40 - ELECTRONIC LOCATION AND ACCESS
Uniform Resource Identifier <a href="http://www.tandfebooks.com/isbn/9780203810132">http://www.tandfebooks.com/isbn/9780203810132</a>

No items available.